Geography Quiz

Random Geography or Asia Quiz

Closest Countries to Kyrgyzstan Quiz Stats

 Plays Quiz Updated Jul 3, 2019

Score 0/20 Timer 03:00
1 Play Today
Distance Country % Correct
887 kmRussia
98.1%
0 kmChina
96.7%
277 kmIndia
95.5%
262 kmPakistan
95.1%
787 kmIran
94%
101 kmAfghanistan
93.8%
0 kmUzbekistan
92.7%
0 kmKazakhstan
92.3%
2,058 kmIraq
92%
290 kmTurkmenistan
91.2%
Distance Country % Correct
916 kmMongolia
89.6%
0 kmTajikistan
89.6%
1,197 kmNepal
89%
1,906 kmGeorgia
86.5%
1,585 kmAzerbaijan
85.9%
1,937 kmArmenia
84.1%
1,764 kmBhutan
77.7%
1,872 kmBangladesh
77.2%
1,888 km United Arab Emirates
45%
2,024 kmOman
42.4%

You're not logged in!

Compare scores with friends on all Sporcle quizzes.
OR
Log In

Sporcle TV

Today on Sporcle TV


Watch our educational content, quiz creation guides, and fun videos on Sporcle TV.

Show Comments

Extras

Top Quizzes Today


Score Distribution

Your Account Isn't Verified!

In order to create a playlist on Sporcle, you need to verify the email address you used during registration. Go to your Sporcle Settings to finish the process.

Report this User

Report this user for behavior that violates our Community Guidelines.

Details: